000 00208 a2200097 4500
001 29810
100 _aAMC
245 _aEngg design H/B Principles of Explosive
260 _a
_bAMC
_c
090 _c19826
_d19826
942 _aNUST-CAE
_cM
_c10920
999 _c264883
_d264883